000 02227cam a22004694i 4500
003 PE-LiUPU
005 20250731173127.0
008 150623s r 000 0 d
020 _a0553271121
035 _a(Sirsi) i9780553271126
040 _aPE-LiUPU
_bspa
_cPE-LiUPU
_erda
049 _aPRUA
082 0 4 _a223.8
_bS98
_221
100 1 _aSwindoll, Charles R.,
_eautor.
245 1 0 _aLiving on the ragged edge :
_bcoming to terms with reality /
_cCharles R. Swindoll.
264 1 _aNew York, NY :
_bBantam Books,
_c1988.
300 _a415 páginas ;
_c17 centímetros
336 _atext
_2rdacontent
337 _aunmediated
_2rdamedia
338 _avolume
_2rdacarrier
504 _aIncluye bibliografía.
505 0 _aJournal of a desperate journey. -Chasing the wind. -Eat, drink,..and be what?. -More miles of bad road. -Do you know what time it is?. -Interlude of rare insight. -Confessions of a cynic. -The lonely whine of the top dog. One plus one equals survival. -What every worshiper should remember. -Straight talk to the money-mad. -The few years of a futile life. -Wise words for busy people. -Putting wisdom to work. -The qualities of a good boss. -Mysteries that defy explanation. -Have a blast while you last!. -An objetive view of the rat race. -Be sensible!. -A fool's portrait. Be bullish!. -Enjoying life now, not later. -Gray hairs, fewer teeth, yet a big smile. -Wrapping up a ragged-edge journey.
526 _aSEG42
526 _aSEG41
526 _aSEG40
526 _aSEG39
526 _aP94
526 _aP87
526 _aP86
526 _aP85
526 _aP77
526 _aP76
526 _aP35
630 _aBiblia.
_pA.T.
_pEclesiastés
_vSermones.
650 0 4 _aIglesia libre evangélica
_xSermones
_zEstados Unidos.
942 _2ddc
_cBOOK
949 _a223.8 S98
_wDEWEY
_c1
_i51450
_lCCODEBUL1
_mBUL
_p8.00
_r0
_sY
_tBOOK
_u2015-6-24
_xTEOLOGIA
_PP35
_0COMPRA
_o.STAFF. Colección General
994 _aC0
_bPEPRU
596 _a1
999 _a223.8 S98
_wDEWEY
_c33170
_i51450
_f2021-11-11
_g5
_lCCODEBUL1
_mBUL
_p8.00
_r0
_sY
_tBOOK
_u2015-6-24
_xTEOLOGIA
_PP35
_0COMPRA
_o.STAFF. Colección General
_d33170
980 _81
_gALBERTO SANCHEZ Responsable de Automatización